000 01833nam0a2200385 4500
001 RU\NLR\bibl\1124707
005 20260406145605.0
010 _a978-5-09-015917-3
_920000
021 _aRU
_b2007-50071
_92649
035 _a(nilc)RSL-KNO-003150626
035 _a(NLR Aleph) 001111653
090 _a1241922
_c1241922
100 _a20070813d2007 |||y0rusy50 ca
101 0 _arus
102 _aRU
105 _aa zzzz|||||
200 1 _aИстория
_eГосударство и народы России
_e9 класс
_eучебник для общеобразовательных учреждений
_fА.А. Данилов, Л.Г. Косулина
210 _aМосква
_cПросвещение
_d2007
215 _a415 с., [16] л. цв. ил., портр., карт.
_cил., портр.
_d22
320 _aБиблиогр.: с. 412-415
517 0 _aГосударство и народы России
607 _aРоссия
_jУчебники для средней школы
_xИстория
_z20 - нач. 21 вв.
_92388556
_3RU\NLR\auth\661424610
610 0 _aИстория. Исторические науки -- Россия -- 20 век -- Учебник для средней общеобразовательной школы
686 _aТ3(2)7я721-1
_2rubbk
686 _aТ3(2)52я72
686 _aТ3(2)7я72
700 1 _4070
_7ca
_8rus
_aДанилов
_bА. А.
_cд-р ист. наук, педагог-методист
_f1954-
_gАлександр Анатольевич
_9114706
_3RU\NLR\auth\774729
701 1 _aКосулина
_bЛ. Г.
_gЛюдмила Геннадьевна
_4070
801 0 _aRU
_bРКП
_c20070813
_grcr
801 1 _aRU
_bРГБ
_c20070813
801 2 _aRU
_bNLR
_c20070906
_grcr
830 _aАвт. по кн.
942 _cBOOK
980 _aNB